<?xml version="1.0" encoding="UTF-8"?>
<collection xmlns="http://www.loc.gov/MARC21/slim">
 <record>
  <leader>01340pamaa2200241   4500</leader>
  <controlfield tag="001">0000003825</controlfield>
  <controlfield tag="005">20090130090000.0</controlfield>
  <controlfield tag="008">080325                             eng  </controlfield>
  <datafield tag="020" ind1="0" ind2="0">
   <subfield code="a">0131189794 </subfield>
  </datafield>
  <datafield tag="090" ind1="0" ind2="0">
   <subfield code="a">KF8700.Z9 </subfield>
   <subfield code="b">CHA 2008</subfield>
  </datafield>
  <datafield tag="100" ind1="1" ind2="0">
   <subfield code="a">Champion </subfield>
  </datafield>
  <datafield tag="245" ind1="1" ind2="0">
   <subfield code="a">Criminal courts : </subfield>
   <subfield code="b">structure, process, and issues  </subfield>
   <subfield code="c">Dean John Champion, Richard Hartley, Gary A. Rabe.</subfield>
  </datafield>
  <datafield tag="250" ind1="0" ind2="0">
   <subfield code="a">2nd ed.</subfield>
  </datafield>
  <datafield tag="260" ind1="0" ind2="0">
   <subfield code="a">Upper Saddle River, N.J.: </subfield>
   <subfield code="b">Pearson / Prentic Hall, </subfield>
   <subfield code="c">2008.</subfield>
  </datafield>
  <datafield tag="300" ind1=" " ind2=" ">
   <subfield code="a">xx, 665 p.: </subfield>
   <subfield code="b">ill.; </subfield>
   <subfield code="c">25 cm.</subfield>
  </datafield>
  <datafield tag="500" ind1="0" ind2="0">
   <subfield code="a">Revision of: Criminal courts : structure, process, and issues / Gary A. Rabe, Dean J. Champion. c2002</subfield>
  </datafield>
  <datafield tag="500" ind1="0" ind2="0">
   <subfield code="a">Law: the legal battlefield -- The structure of American courts -- The prosecution -- The defense -- Judges-- Juries -- Pre-trial procedures: initial appearance, bail decision making, and alternative dispute resolution -- Pre-trial procedures: plea bargaining -- Trial process and procedures -- Sentencing and appeals -- Juvenile courts, juvenile rights, and processing -- Courts, media, and the litigation explosion</subfield>
  </datafield>
  <datafield tag="504" ind1="0" ind2="0">
   <subfield code="a">Includes bibliographical references (p. 621-643) and indexes</subfield>
  </datafield>
  <datafield tag="650" ind1="0" ind2="0">
   <subfield code="a">Criminal justice, Administration of -- </subfield>
   <subfield code="z">United States </subfield>
  </datafield>
  <datafield tag="650" ind1="0" ind2="0">
   <subfield code="a">Criminal courts -- </subfield>
   <subfield code="z">United States </subfield>
  </datafield>
  <datafield tag="700" ind1="1" ind2="1">
   <subfield code="a">Hartley, </subfield>
   <subfield code="h">Richard </subfield>
  </datafield>
  <datafield tag="700" ind1="1" ind2="1">
   <subfield code="a">Rabe, </subfield>
   <subfield code="h">Gary A </subfield>
  </datafield>
  <datafield tag="901" ind1=" " ind2=" ">
   <subfield code="u">www.prenhall.com</subfield>
  </datafield>
 </record>
</collection>
